000 00584nam a2200229Ia 4500
008 160901s9999 xx 000 0 und d
020 _a971-8636-61-7
050 _aComSc QA 76.9
050 _b.D3L57 1987
100 _aLiskin, Miriam.
245 _aAdvanced dBase III plus :
245 _bprogramming and techniques /
245 _cMiriam Liskin.
260 _acainta Rizal :
260 _bJemma Inc.,
260 _c1987
300 _a901 pages :
300 _bill. ;
300 _c21 cm.
500 _aIncludes index.
650 _adBase III plus (Computer file).
999 _c300929
_d300929